[Event "Challenge"]
[Site "http://www.queenalice.com/game.php?id=1171045"]
[Date "2013.4.12"]
[Round "-"]
[White "gameslang"]
[Black "CaptainJester"]
[Result "0-1"]
[WhiteElo "1100"]
[BlackElo "1845"]

1. e4 c5 2. Bb5 Nc6 3. Nc3 g6 4. d3 Bg7 5. Nh3 Qa5 6. a4 Bxc3+ 7. bxc3 Qxc3+ 8.
Bd2 Qe5 9. Ra2 Nf6 10. f4 Qd4 11. c3 Qd6 12. g3 a6 13. Bc4 Na5 14. e5 Qc6 15.
Rg1 Nxc4 16. dxc4 Qe4+ 17. Kf2 Qxc4 18. Ra1 Ne4+ 19. Kg2 Qd5 20. Be3 Qc6 21. c4
Nc3+ 22. Qf3 d5 23. Kf2 O-O 24. Rac1 Nxa4 25. Rgd1 dxc4 26. Qe2 Bxh3 27. Rxc4
Rad8 28. Rg1 Nb6 29. Rc2 c4 30. Rgc1 Qg2+ 31. Ke1 Qxe2+ 32. Kxe2 Nd5 33. Bf2 b5
34. Ra1 Nc7 35. Ke1 Rd7 36. Bb6 Ra8 37. Rd1 Rxd1+ 38. Kxd1 Nd5 39. Bc5 Rd8 40.
Kc1 Rc8 41. Ba7 Nb4 42. Rb2 Nd3+ 43. Kb1 Nxb2 44. Kxb2 b4 45. Kb1 b3 46. Bd4 a5
47. Bc3 a4 48. Ka1 a3 49. Kb1 Bf5+ 50. Kc1 b2+ 51. Bxb2 axb2+ 52. Kxb2 c3+ 53.
Kc1 c2 54. h4 Rd8 55. g4 Be4 56. Kb2 Rd1 57. Ka3 c1=Q+ 58. Kb4 Rd2 59. Ka5 Rb2
60. Ka6 Qa1# 0-1

[Event "Challenge"]
[Site "http://www.queenalice.com/game.php?id=1171121"]
[Date "2013.4.13"]
[Round "-"]
[White "dejami"]
[Black "gameslang"]
[Result "1-0"]
[WhiteElo "1647"]
[BlackElo "1100"]

1. e4 e5 2. Bc4 Nh6 3. Nh3 c6 4. d4 b5 5. Bf1 exd4 6. Qxd4 Qe7 7. Bxh6 f5 8. Nc3
a6 9. Bd3 c5 10. Qd5 Nc6 11. Bg5 Qe6 12. Qxf5 g6 13. Qf6 Rg8 14. Nd5 Bg7 15.
Nc7# 1-0

[Event "Challenge"]
[Site "http://www.queenalice.com/game.php?id=1173107"]
[Date "2013.4.19"]
[Round "-"]
[White "CaptainJester"]
[Black "gameslang"]
[Result "1-0"]
[WhiteElo "1854"]
[BlackElo "1100"]

1. e4 e5 2. Nf3 d6 3. Bc4 c5 4. O-O Nf6 5. Nc3 Ng4 6. d3 g6 7. Bg5 f6 8. Bh4 h5
9. h3 Bh6 10. Nd5 O-O 11. hxg4 hxg4 12. Nh2 g5 13. Nxf6+ Kh8 14. Nfxg4 gxh4 15.
Nxh6 Qg5 16. N6g4 Bd7 17. f3 Nc6 18. Qe1 Qg7 19. Qxh4+ Qh7 20. Qg5 Rg8 21. Bxg8
Rxg8 22. Qf6+ Qg7 23. Qxd6 Bxg4 24. Nxg4 Nd4 25. Kf2 Nxc2 26. Rh1+ Qh7 27. Rxh7+
Kxh7 28. Qh6# 1-0

[Event "Challenge"]
[Site "http://www.queenalice.com/game.php?id=1173449"]
[Date "2013.4.20"]
[Round "-"]
[White "gameslang"]
[Black "CaptainJester"]
[Result "0-1"]
[WhiteElo "1100"]
[BlackElo "1843"]

1. e4 c5 2. Bc4 Nc6 3. Nh3 g6 4. Nc3 Bg7 5. O-O Nf6 6. d3 O-O 7. Be3 Qb6 8. a4
Qxb2 9. Qe1 Nb4 10. Nb5 Nxc2 11. Qe2 a6 12. Nc7 Rb8 13. Rad1 Qe5 14. Bf4 Nd4 15.
Qa2 Qh5 16. Rde1 d6 17. Ng5 Bh6 18. Nxf7 Bxf4 19. g3 Nf3+ 20. Kg2 Nxe1+ 21. Rxe1
Bh3+ 22. Kg1 Qf3 23. Nh6+ Kh8 24. Nd5 Qg2# 0-1

[Event "mesa 4"]
[Site "http://www.queenalice.com/game.php?id=1174238"]
[Date "2013.4.22"]
[Round "-"]
[White "ANOK"]
[Black "gameslang"]
[Result "1-0"]
[WhiteElo "1822"]
[BlackElo "1100"]

1. e4 e5 2. Nf3 Nf6 3. Nc3 Bc5 4. Bc4 O-O 5. Nxe5 d6 6. Nf3 Qe7 7. Bd3 Nc6 8.
O-O b6 9. Nd5 Nxd5 10. exd5 Na5 11. a3 Bb7 12. b4 Qf6 13. c3 Bxd5 14. bxc5 dxc5
15. Bb2 c4 16. Be2 b5 17. Nd4 Rae8 18. Nxb5 Qb6 19. a4 c6 20. Nd6 Qxb2 21. Nxe8
Rxe8 22. Rb1 Qa3 23. Bf3 Qd6 24. Bxd5 cxd5 25. Kh1 Qc6 26. Re1 Rf8 27. Re7 Nb3
28. d3 Qxa4 29. dxc4 Qxc4 30. Qxb3 Qf4 31. Qxd5 Qxf2 32. Rg1 Qb2 33. Rxa7 Qxc3
34. Qa5 Qd4 35. Ra8 Qe3 36. Rxf8+ Kxf8 37. Re1 Qf2 38. Qd8# 1-0

[Event "Challenge"]
[Site "http://www.queenalice.com/game.php?id=1174546"]
[Date "2013.4.23"]
[Round "-"]
[White "CaptainJester"]
[Black "gameslang"]
[Result "1-0"]
[WhiteElo "1825"]
[BlackElo "1100"]

1. e4 e5 2. Nf3 Nc6 3. Bc4 Nh6 4. O-O Bc5 5. d3 d6 6. Bxh6 gxh6 7. Qd2 Bg4 8.
Qxh6 Rg8 9. Nbd2 Rg6 10. Qxh7 Ne7 11. Qxf7+ Kd7 12. Nh4 Qg8 13. Qxg6 Qf8 14.
Qxg4+ Kd8 15. Ndf3 Qe8 16. Ng5 a5 17. Ne6+ Kc8 18. Ng7+ Qd7 19. Be6 Kb8 20. Bxd7
Ra6 21. Ne6 Rb6 22. b3 Nc6 23. Qg8+ Ka7 24. Nxc7 Nd4 25. Qa8# 1-0

[Event "OS INCLIVEIS"]
[Site "http://www.queenalice.com/game.php?id=1174604"]
[Date "2013.4.24"]
[Round "-"]
[White "adelio"]
[Black "gameslang"]
[Result "1-0"]
[WhiteElo "1744"]
[BlackElo "1082"]

1. d4 d5 2. e4 Nf6 3. e5 Nc6 4. Bb5 a6 5. Bxc6+ bxc6 6. exf6 exf6 7. Qe2+ Be6 8.
Nf3 Bd6 9. h4 O-O 10. h5 f5 11. Ng5 Qf6 12. Nxe6 Rac8 13. Nxf8 Rxf8 14. Nd2 Qxd4
15. Nf3 Qb4+ 16. c3 Qg4 17. g3 f4 18. Rh4 Qd7 19. gxf4 a5 20. Ng5 Qd8 21. Qg4
Qe8+ 22. Be3 c5 23. Nxh7 c6 24. Nf6+ Kh8 25. Nxe8 Rxe8 26. Kd2 c4 27. Rah1 Kg8
28. Qg6 fxg6 29. hxg6 Kf8 30. Rh8+ Ke7 31. Rxe8+ Kxe8 32. f5 Ke7 33. Bg5+ Kf8
34. Rh8# 1-0

[Event "Challenge"]
[Site "http://www.queenalice.com/game.php?id=1175674"]
[Date "2013.4.27"]
[Round "-"]
[White "gameslang"]
[Black "CaptainJester"]
[Result "0-1"]
[WhiteElo "1100"]
[BlackElo "1809"]

1. Nf3 c5 2. e4 Nc6 3. Bc4 g6 4. O-O Bg7 5. Nc3 e6 6. d3 Nf6 7. b3 O-O 8. a4 Ng4
9. Qe1 Nb4 10. h3 Nxc2 11. Qd1 Nxa1 12. hxg4 Bxc3 13. Ba3 d5 14. Qc1 Bg7 15.
Bxc5 dxc4 16. bxc4 Nb3 17. Qa3 Nxc5 18. Qxc5 b6 19. Qb4 Qxd3 20. Qb1 Qxc4 21.
Nd2 Qxa4 22. Qd1 Qxd1 23. Nf3 Qxf1+ 24. Kxf1 Ba6+ 0-1

[Event "Challenge"]
[Site "http://www.queenalice.com/game.php?id=1177405"]
[Date "2013.5.2"]
[Round "-"]
[White "CaptainJester"]
[Black "gameslang"]
[Result "1-0"]
[WhiteElo "1811"]
[BlackElo "1100"]

1. e4 e5 2. Nf3 d6 3. Bc4 Nf6 4. O-O Nxe4 5. d3 Nf6 6. Ng5 d5 7. Bb3 Bc5 8. Nc3
c6 9. Qf3 O-O 10. Bd2 Bg4 11. Qg3 Qd7 12. Rae1 Bd4 13. Nf3 Qe6 14. Nxe5 Nbd7 15.
Nxg4 Qf5 16. Nxf6+ Qxf6 17. Ne2 Bxb2 18. Nf4 d4 19. Nh5 Qd8 20. Qxg7# 1-0

[Event "Challenge"]
[Site "http://www.queenalice.com/game.php?id=1178332"]
[Date "2013.5.4"]
[Round "-"]
[White "dejami"]
[Black "gameslang"]
[Result "0-1"]
[WhiteElo "1630"]
[BlackElo "1082"]

1. e4 e5 2. d4 Nc6 3. d5 Nd4 4. f4 c5 5. fxe5 Qh4+ 6. g3 Qxe4+ 7. Ne2 Qxh1 8.
Nxd4 Qe4+ 9. Ne2 Qxe5 10. Nc3 Qh5 11. h4 Bd6 12. Qd3 Nf6 13. Qe3+ Kf8 14. Bh3
Ng4 15. Bxg4 Qxg4 16. Nb5 Bb8 17. Qxc5+ d6 18. Bf4 dxc5 0-1

[Event "Challenge"]
[Site "http://www.queenalice.com/game.php?id=1178333"]
[Date "2013.5.4"]
[Round "-"]
[White "gameslang"]
[Black "dejami"]
[Result "0-1"]
[WhiteElo "1082"]
[BlackElo "1706"]

1. e4 e5 2. Nc3 Bc5 3. Nf3 Nf6 4. Bc4 Ng4 5. O-O O-O 6. b3 c6 7. Nxe5 Nxe5 8. d4
Bb4 9. Qe1 Ng4 10. a3 Bxc3 11. Qxc3 Qc7 12. Qh3 d5 13. exd5 Nxf2 14. Rxf2 Bxh3
15. gxh3 Qb6 16. d6 Qxd4 17. Rb1 Qxd6 18. a4 c5 19. h4 Nc6 20. Bd2 Rae8 21. Rd1
Qg6+ 22. Rg2 Qxc2 23. Rf1 h6 24. Be3 Qc3 25. Bxc5 Kh8 26. Bd6 Qd4+ 27. Kh1 Qxd6
28. h5 a6 29. Be2 Rxe2 30. Rxe2 Qd5+ 0-1

[Event "Challenge"]
[Site "http://www.queenalice.com/game.php?id=1178660"]
[Date "2013.5.5"]
[Round "-"]
[White "gameslang"]
[Black "CaptainJester"]
[Result "0-1"]
[WhiteElo "1082"]
[BlackElo "1830"]

1. e4 c5 2. Bc4 Nc6 3. Nf3 g6 4. O-O Bg7 5. c3 d6 6. d3 Nf6 7. Nbd2 O-O 8. b3 e6
9. a4 d5 10. Bb5 a6 11. Bxc6 bxc6 12. Ba3 Qa5 13. Ne5 Bb7 14. b4 cxb4 15. Bxb4
Qc7 16. d4 dxe4 17. Ndc4 Nd5 18. Ba5 Qb8 19. Qg4 Nf6 20. Qh3 Qc8 21. Nd6 Qb8 22.
Bb4 a5 23. Bc5 Qc7 24. Rab1 Nd7 25. Nxb7 Bxe5 26. dxe5 Rab8 27. Nd6 Nxc5 28. Ra1
Nd7 29. Nxe4 Qxe5 30. Rae1 Nc5 31. Nxc5 Qxc5 32. Rc1 Rb3 33. Qg3 Ra3 34. Qc7
Rxa4 35. Kh1 Rc4 36. Rc2 Rxc3 37. Ra2 Rc1 38. Ra1 Rxf1+ 39. Rxf1 Qb5 40. Qd6
Qxf1# 0-1

[Event "Challenge"]
[Site "http://www.queenalice.com/game.php?id=1181339"]
[Date "2013.5.14"]
[Round "-"]
[White "dejami"]
[Black "gameslang"]
[Result "1-0"]
[WhiteElo "1704"]
[BlackElo "1082"]

1. e4 e5 2. Bc4 Nf6 3. Nh3 Bc5 4. Ng5 O-O 5. f3 d6 6. a3 Nc6 7. c3 Bd7 8. b4 Bb6
9. d3 a5 10. b5 Ne7 11. g4 1-0

[Event "Challenge"]
[Site "http://www.queenalice.com/game.php?id=1190104"]
[Date "2013.6.11"]
[Round "-"]
[White "CaptainJester"]
[Black "gameslang"]
[Result "1-0"]
[WhiteElo "1803"]
[BlackElo "1060"]

1. e4 e5 2. Nf3 Bd6 3. Bc4 Nf6 4. Nc3 Nc6 5. O-O Bc5 6. a3 b6 7. b4 Bd4 8. Bb2
O-O 9. Nxd4 exd4 10. Nd5 Nxe4 11. Qe2 Qh4 12. Nxc7 Bb7 13. Nxa8 Rxa8 14. Qf3 Ng5
15. Qd5 Ne6 16. Qxd7 Qe7 17. Qxe7 Bc8 18. Qh4 Bd7 19. Bxe6 fxe6 20. c3 Be8 21.
cxd4 Bg6 22. d5 Ne5 23. Bxe5 exd5 24. Bc3 Re8 25. Qd4 Kf7 26. Qxg7+ Ke6 27.
Rae1+ Kd6 28. Rxe8 Bxe8 29. Re1 Bb5 30. Qe7+ Kc6 31. Re6# 1-0